BB Brunes - Coups et blessures [paroles] - Statistiques

Statistiques générales
  • Ce quiz a été pris 68 fois
  • Le résultat moyen est 41 sur 69
Statistiques - réponses
Réponse % Correct
à
95%
blessures
95%
coups
95%
de
95%
et
95%
plainte
95%
tu
95%
comme
93%
je
93%
me
93%
pour
93%
une
93%
affiche
91%
mur
91%
plaques
91%
toi
91%
au
90%
fou
86%
j’porte
86%
deux
83%
doigts
83%
j’étais
83%
finir
74%
la
71%
elle
69%
quand
67%
tout
66%
c’est
62%
mon
62%
des
59%
en
57%
pas
55%
watts
55%
désinvolte
53%
fait
53%
200
52%
délicate
52%
qui
50%
sourit
50%
sûr
50%
cœur
48%
d’insomnie
48%
j’me
48%
si
47%
les
45%
paire
43%
bottes
41%
d’y
41%
laisser
41%
bras
38%
ho
38%
loin
38%
moue
38%
Paris
38%
bout
36%
détraque
36%
blessé
34%
Hong-Kong
34%
j’vais
34%
yeux
34%
flous
31%
semble
29%
cracs
28%
tombe
28%
l’payer
24%
l’honneur
22%
traques
22%
m’attaque
19%
surplombes
17%
Aucun quiz correspondant
Distribution des résultats
% des personnes avec chaque résultat
Percentile par nombre de réponses
Votre historique - résultats
Vous n’avez pas pris ce quiz